Tile Select - Country Clues #4 - Statistics

General Stats
  • This quiz has been taken 8 times
  • The average score is 51 of 80
Answer Stats
Question Tile Select % Correct
Smaller Than Vietnam Brazil No
100%
Smaller Than Vietnam Egypt No
100%
Smaller Than Vietnam Fiji Yes
100%
Over 30 Million Population Gabon No
100%
Smaller Than Vietnam Iraq No
100%
Over 30 Million Population Laos No
100%
Over 30 Million Population Mali No
100%
Smaller Than Vietnam Pakistan No
100%
Over 30 Million Population Togo No
100%
Over 30 Million Population Colombia Yes
88%
Smaller Than Vietnam Cuba Yes
88%
Above 0.900 HDI France Yes
88%
Over 30 Million Population Germany Yes
88%
Over 30 Million Population Iran Yes
88%
Smaller Than Vietnam Mali No
88%
Over 30 Million Population Mexico Yes
88%
Above 0.900 HDI New Zealand Yes
88%
Over 30 Million Population Portugal No
88%
Above 0.900 HDI Saudi Arabia No
88%
Smaller Than Vietnam South Korea Yes
88%
Above 60 on the CPI (Corruptions Perceptions Index) Vanuatu No
88%
Smaller Than Vietnam Zambia No
88%
Over 30 Million Population Algeria Yes
75%
More Than 50 Billion GDP Bolivia No
75%
More Than 50 Billion GDP Cambodia No
75%
Above 0.900 HDI Canada Yes
75%
Above 0.900 HDI Estonia No
75%
Above 60 on the CPI (Corruptions Perceptions Index) Greece No
75%
More Than 50 Billion GDP Guatemala No
75%
Above 0.900 HDI Hungary No
75%
Above 0.900 HDI Italy Yes
75%
Smaller Than Vietnam Japan No
75%
Above 0.900 HDI Latvia No
75%
More Than 50 Billion GDP Libya No
75%
More Than 50 Billion GDP Mongolia No
75%
More Than 50 Billion GDP Mozambique No
75%
Over 30 Million Population Nepal No
75%
Smaller Than Vietnam Nepal Yes
75%
Above 60 on the CPI (Corruptions Perceptions Index) Oman No
75%
Above 0.900 HDI Oman No
75%
Smaller Than Vietnam Papua New Guinea No
75%
Above 60 on the CPI (Corruptions Perceptions Index) Qatar No
75%
Above 0.900 HDI Russia No
75%
Above 0.900 HDI Australia Yes
63%
Smaller Than Vietnam Bangladesh Yes
63%
More Than 50 Billion GDP Congo No
63%
Above 0.900 HDI Croatia No
63%
Above 0.900 HDI Czechia No
63%
Smaller Than Vietnam Eduador Yes
63%
Above 60 on the CPI (Corruptions Perceptions Index) Egypt No
63%
Smaller Than Vietnam Syria Yes
63%
Over 30 Million Population Ukraine Yes
63%
Above 0.900 HDI USA Yes
63%
More Than 50 Billion GDP Ireland Yes
50%
Above 60 on the CPI (Corruptions Perceptions Index) Mexico No
50%
More Than 50 Billion GDP Senegal No
50%
Above 60 on the CPI (Corruptions Perceptions Index) South Africa No
50%
Above 60 on the CPI (Corruptions Perceptions Index) Cape Verde Yes
38%
Above 60 on the CPI (Corruptions Perceptions Index) Chile Yes
38%
Over 30 Million Population Ghana Yes
38%
More Than 50 Billion GDP Jordan Yes
38%
Over 30 Million Population Malaysia No
38%
Above 0.900 HDI Malta Yes
38%
Over 30 Million Population Myanmar Yes
38%
More Than 50 Billion GDP Slovakia Yes
38%
More Than 50 Billion GDP Slovenia Yes
38%
Above 60 on the CPI (Corruptions Perceptions Index) UAE Yes
38%
More Than 50 Billion GDP Vietnam Yes
38%
Above 60 on the CPI (Corruptions Perceptions Index) Germany Yes
25%
Above 60 on the CPI (Corruptions Perceptions Index) Isreal Yes
25%
Smaller Than Vietnam Malaysia Yes
25%
Above 60 on the CPI (Corruptions Perceptions Index) Nigeria No
25%
More Than 50 Billion GDP Oman Yes
25%
More Than 50 Billion GDP Panama Yes
25%
Above 60 on the CPI (Corruptions Perceptions Index) St. Vincent Yes
25%
Above 60 on the CPI (Corruptions Perceptions Index) Syria No
25%
Above 0.900 HDI UK No
25%
Above 60 on the CPI (Corruptions Perceptions Index) Uruguay Yes
25%
Over 30 Million Population Uzbekistan Yes
25%
More Than 50 Billion GDP DRC Yes
13%
No matching quizzes found
Score Distribution
Percent of People with Each Score
Percentile by Number Answered
Your Score History
You have not taken this quiz